STN EN ISO 14001 : Systémy manažérstva environmentu požiadavky s pokynmi na použitie (ISO 14001: 2015)

Gespeichert in:
Bibliographische Detailangaben
Format: Buch
Sprache:Slowakisch
Englisch
Veröffentlicht: Bratislava Úrad pre normalizáciu, metrológiu a skúšobníctvo SR 2016
Schlagworte:
Tags: Tag hinzufügen
Keine Tags, Fügen Sie das erste Tag hinzu!

MARC

LEADER 00000nam a2200000 4500
001 0265051
005 20240314123518.3
041 0 |a slo 
041 0 |a eng 
044 |a SK 
245 1 0 |a STN EN ISO 14001 : Systémy manažérstva environmentu  |b požiadavky s pokynmi na použitie (ISO 14001: 2015) 
264 1 |a Bratislava  |b Úrad pre normalizáciu, metrológiu a skúšobníctvo SR  |c 2016 
300 |a 64 s. 
500 |a Táto norma je slovenskou verziou európskej normy EN ISO 14001: 2015, a nahrádza STN EN ISO 14001 z júna 2005 v celom rozsahu. 
610 2 0 |a politika environmentálna 
610 2 0 |a ciele podnikové 
610 2 0 |a riadenie podnikové 
610 2 0 |a systémy riadenia